Statistics for NFL Teams with most Home Playoff Games

Click here to take the quiz!

General Stats

  • This quiz has been taken 112 times
    (31 since last reset)
  • The average score is 10 of 11

Answer Stats

# of GamesNFL Team% Correct
28New England Patriots
100%
32Dallas Cowboys
97%
23Green Bay Packers
97%
21Kansas City Chiefs
97%
21Miami Dolphins
97%
32Pittsburgh Steelers
97%
34San Francisco 49ers
93%
23Minnesota Vikings
90%
23Philadelphia Eagles
90%
22Denver Broncos
87%
24Oakland/Los Angeles Raiders
87%

Score Distribution

Percentile by Number Answered

Percent of People with Each Score

Your Score History

You have not taken this quiz since the last reset